Twilight of the pepper empire (Record no. 149572)
[ view plain ]
| 000 -LEADER | |
|---|---|
| fixed length control field | 02051nam a2200253Ia 4500 |
| 003 - CONTROL NUMBER IDENTIFIER | |
| control field | OSt |
| 005 - DATE AND TIME OF LATEST TRANSACTION | |
| control field | 20241109102827.0 |
| 008 - FIXED-LENGTH DATA ELEMENTS--GENERAL INFORMATION | |
| fixed length control field | 210210b2010 xxu||||| |||| 00| 0 eng d |
| 020 ## - INTERNATIONAL STANDARD BOOK NUMBER | |
| International Standard Book Number | 9788173048814 |
| 040 ## - CATALOGING SOURCE | |
| Transcribing agency | AL |
| 041 ## - LANGUAGE CODE | |
| Language code of text/sound track or separate title | eng |
| 082 ## - DEWEY DECIMAL CLASSIFICATION NUMBER | |
| Classification number | 382.41384 DIST |
| 100 ## - MAIN ENTRY--PERSONAL NAME | |
| Personal name | DISNEY (A R) |
| 9 (RLIN) | 183005 |
| 245 ## - TITLE STATEMENT | |
| Title | Twilight of the pepper empire |
| Remainder of title | Portuguese trade in southwest India in the early seventeenth century |
| 260 ## - PUBLICATION, DISTRIBUTION, ETC. | |
| Place of publication, distribution, etc. | New Delhi |
| Name of publisher, distributor, etc. | Manohar Publisher and Distributors |
| Date of publication, distribution, etc. | 2010 |
| 300 ## - PHYSICAL DESCRIPTION | |
| Extent | xiii,220 |
| 520 ## - SUMMARY, ETC. | |
| Summary, etc. | This study of the Portuguese commercial empire in India during the Hapsburg years is the most serious attempt yet made to analyse the Old Portuguese pepper trade—from the planting of orchards in the foothills of Malabar and Kanara to the unloading of spice-laden carracks in Lisbon. Equally significant, it is the first book to explain how and why the Portuguese were not able to modernize their trade system when faced with crisis conditions. The distress that confronted the Portuguese following the arrival of the Dutch and English, seen here as partly military but fundamentally economic and organizational, reached its decisive stage in the 1620s and the early 1630s. The Portuguese attempted to combat the crisis by creating their own India Company. The story of that company and the reasons of its failure are thoroughly investigated as Disney looks at its antecedents, composition, activities, and weaknesses.The author has unearthed much new statistical material from widely scattered manuscript sources and in doing so sheds new light on related problems and issues, such as institutional relations between Spain and Portugal, the careers of individual merchants, and the nature and difficulties of viceregal government in Portuguese India. |
| 650 ## - SUBJECT ADDED ENTRY--TOPICAL TERM | |
| Topical term or geographic name entry element | Social Science, Economics, History, Sociology, Political Science, Public Relation |
| 9 (RLIN) | 183020 |
| 650 ## - SUBJECT ADDED ENTRY--TOPICAL TERM | |
| Topical term or geographic name entry element | South Canara |
| 9 (RLIN) | 184711 |
| 650 ## - SUBJECT ADDED ENTRY--TOPICAL TERM | |
| Topical term or geographic name entry element | South Kanara /South Canara |
| 9 (RLIN) | 183021 |
| 690 ## - LOCAL SUBJECT ADDED ENTRY--TOPICAL TERM (OCLC, RLIN) | |
| Topical term or geographic name as entry element | Dakshina Kannada |
| 9 (RLIN) | 183019 |
| 906 ## - LOCAL DATA ELEMENT F, LDF (RLIN) | |
| a | 067275 |
| 942 ## - ADDED ENTRY ELEMENTS (KOHA) | |
| Source of classification or shelving scheme | Dewey Decimal Classification |
| Koha item type | Book |
| Withdrawn status | Lost status | Source of classification or shelving scheme | Damaged status | Not for loan | Home library | Current library | Date acquired | Source of acquisition | Cost, normal purchase price | Total Checkouts | Full call number | Barcode | Date last seen | Price effective from | Koha item type |
|---|---|---|---|---|---|---|---|---|---|---|---|---|---|---|---|
| Dewey Decimal Classification | Restricted Book | St Aloysius Library | St Aloysius Library | 02/17/2021 | Manohar Publishers and Distributors | 695.00 | 382.41384 DIST | 067275 | 02/17/2021 | 02/17/2021 | Book |